| 000 | 01184nam a2200409 a 4500 | ||
|---|---|---|---|
| 003 | AR-BaBNM | ||
| 005 | 20251128210209.0 | ||
| 008 | 082120s2002 ||||||||||||||000 | spa|| | ||
| 020 | _a84-85840-35-6 | ||
| 040 | _cAR-BaBNM | ||
| 100 | 1 | _aPuig Rovira, Josep María | |
| 245 | 0 | 0 | _aLa educación moral en la enseñanza obligatoria |
| 250 | _a1ª ed. | ||
| 260 |
_aBarcelona _bI.C.E. Universitat Barcelona _bHorsori _c1995 |
||
| 300 | _a322 p. | ||
| 490 | 0 |
_aCuadernos de educación _vv. 17 |
|
| 500 | _aContiene referencias bibliográficas p. 319-322 | ||
| 650 | 4 | _aEDUCACION MORAL | |
| 650 | 4 | _aVALORES MORALES | |
| 650 | 4 | _aFACTORES CULTURALES | |
| 650 | 4 | _aFACTORES SOCIALES | |
| 650 | 4 | _aCURRICULO | |
| 650 | 4 | _aTECNICAS DIDACTICAS | |
| 650 | 4 | _aACTIVIDADES | |
| 650 | 4 | _aACTITUD DEL DOCENTE | |
| 650 | 4 | _aROL DEL DOCENTE | |
| 650 | 4 | _aEVALUACION | |
| 653 | _aTEMAS TRANSVERSALES | ||
| 653 | _aCONTENIDOS CONCEPTUALES | ||
| 653 | _aCONTENIDOS PROCEDIMENTALES | ||
| 653 | _aEDUCACION PRIMARIA | ||
| 653 | _aEDUCACION SECUNDARIA | ||
| 653 | _aPROYECTOS DE AULA | ||
| 700 | 1 |
_aMartín, Ma. Jesús _ecolaborador |
|
| 942 | _cBK | ||
| 998 | _cRaquel | ||
| 999 |
_c14468 _d14468 |
||